|
|
|
|
| LEADER |
00000cam a2200000 7i4500 |
| 001 |
0000001427 |
| 005 |
20020306.0 |
| 020 |
0 |
0 |
|a 9971988070
|
| 090 |
0 |
0 |
|a 304.6309599
|b GAS 1986
|
| 100 |
1 |
0 |
|a GASTARDO-CONACO
|h Cecilia
|
| 245 |
1 |
0 |
|a Ethnicity and fertility in the Philippines
|c by Ma. Cecilia Gastardo-Conaco and Pilar Ramos-Jimenez
|f with the assistance of Ruth N. Barniego
|
| 260 |
0 |
0 |
|a Singapore :
|b Institute of Southeast Asian Studies ,
|c 1986
|
| 300 |
|
|
|a xviii, 150 p. ;
|c 23 cm.
|
| 440 |
0 |
0 |
|a Ethnicity and fertility in Southeast Asia series
|
| 440 |
0 |
0 |
|a Research notes and discussions paper ; n. 54
|
| 500 |
0 |
0 |
|a Bibliography : [p. 146-150]
|
| 650 |
0 |
0 |
|a Ethnicity
|z Philippines
|
| 650 |
0 |
0 |
|a Fertility, Human
|z Philippines
|
| 700 |
0 |
1 |
|a Barniego
|h Ruth N.
|
| 700 |
0 |
1 |
|a Ramos-Jimenez
|h Pilar
|
| 710 |
1 |
1 |
|a Institute of Southeast Asian Studies (ISEAS)
|
| 998 |
|
|
|a JPSM
|
| 999 |
|
|
|a 0000002488
|b Monograph
|c Open Shelf
|e Default branch
|